[Event "Capablanca Memorial op 53rd"]
[Site "Havana"]
[Date "2018.05.09"]
[Round "1"]
[White "Yanes Canizares, Alejandro"]
[Black "Fernandez Cardoso, Alexey"]
[Result "0-1"]
[WhiteElo "2304"]
[BlackElo "2436"]
[PlyCount "66"]
[EventDate "2018.05.09"]
[EventType "swiss"]
[EventRounds "10"]
[EventCountry "CUB"]
[SourceTitle "EXT 2019"]
[Source "ChessBase"]
[SourceDate "2018.10.10"]
[SourceVersion "1"]
[SourceVersionDate "2018.10.10"]
[SourceQuality "1"]

1. c4 Nf6 2. Nc3 g6 3. g3 Bg7 4. Bg2 0-0 5. e3 d6 6. Nge2 e5 7. 0-0 Nc6 8. d3 Be6 9. Nd5 Qd7 10. Nec3 Ne8 11. Re1 Bh3 12. Bh1 Kh8 13. Rb1 f5 14. b4 g5 15. b5 Nd8 16. d4 e4 17. f3 c6 18. Nb4 Qf7 19. Qe2 c5 20. Nc2 Ne6 21. fxe4 cxd4 22. Nd5 d3 23. Qxd3 fxe4 24. Qe2 Nc5 25. Ba3 Nd3 26. Bxe4 Nxe1 27. Rxe1 Rc8 28. Bb4 Nf6 29. Nxf6 Qxf6 30. Bxb7 Rc7 31. Bd5 Qg6 32. Nd4 Bxd4 33. exd4 Qf6 0-1

[Event "Capablanca Memorial op 52nd"]
[Site "Matanzas"]
[Date "2017.05.30"]
[Round "4"]
[White "Baryshpolets, Andrey"]
[Black "Yanes Canizares, Alejandro"]
[Result "1/2-1/2"]
[WhiteElo "2591"]
[BlackElo "2346"]
[PlyCount "118"]
[EventDate "2017.05.27"]
[EventType "swiss"]
[EventRounds "10"]
[EventCountry "CUB"]
[SourceTitle "EXT 2018"]
[Source "ChessBase"]
[SourceDate "2017.10.13"]
[SourceVersion "1"]
[SourceVersionDate "2017.10.13"]
[SourceQuality "1"]

1. d4 Nf6 2. c4 e6 3. g3 d5 4. Bg2 Bb4+ 5. Bd2 Be7 6. Nf3 0-0 7. 0-0 c6 8. Bf4 Nbd7 9. Nc3 b6 10. Rc1 Nh5 11. cxd5 exd5 12. Bd2 Nhf6 13. Qc2 Bb7 14. Rfd1 Re8 15. e4 Nxe4 16. Nxe4 dxe4 17. Qxe4 Bb4 18. Qf4 Bxd2 19. Rxd2 Qb8 20. Qf5 Qd6 21. a3 h6 22. b4 Rad8 23. Rcd1 Re7 24. h4 Ba6 25. Qc2 Rde8 26. Rc1 Bb5 27. Qb3 Qe6 28. d5 cxd5 29. Nd4 Bc4 30. Qxc4 dxc4 31. Nxe6 fxe6 32. Rxc4 Nf6 33. Kf1 e5 34. Bc6 Rf8 35. Ke1 g5 36. Ba4 Kg7 37. Rdc2 Kg6 38. hxg5 hxg5 39. Rc7 Rxc7 40. Rxc7 Rf7 41. Bc2+ Kg7 42. Rc6 Re7 43. Ke2 e4 44. Bb3 Ne8 45. Ke3 Nf6 46. Be6 Kg6 47. Kd4 Re8 48. Ke5 Ng4+ 49. Kd4 Rd8+ 50. Kxe4 Nxf2+ 51. Ke3 Rf8 52. g4 Rf4 53. Bc8+ Kf7 54. Rc7+ Kf6 55. Rxa7 Nxg4+ 56. Bxg4 Rxg4 57. Ra6 Ke5 58. Rxb6 Rg3+ 59. Kf2 Rxa3 1/2-1/2

[Event "Capablanca Memorial op 51st"]
[Site "Varadero"]
[Date "2016.06.09"]
[Round "1"]
[White "Fernandez Cardoso, Alexey"]
[Black "Yanes Canizares, Alejandro"]
[Result "1/2-1/2"]
[WhiteElo "2470"]
[BlackElo "2346"]
[PlyCount "73"]
[EventDate "2016.06.09"]
[EventType "swiss"]
[EventRounds "10"]
[EventCountry "CUB"]
[SourceTitle "EXT 2017"]
[Source "ChessBase"]
[SourceDate "2016.10.25"]
[SourceVersion "1"]
[SourceVersionDate "2016.10.25"]
[SourceQuality "1"]

1. e4 e5 2. Nf3 Nc6 3. Bc4 Bc5 4. c3 Nf6 5. d3 0-0 6. b4 Bb6 7. 0-0 d6 8. Nbd2 a5 9. b5 Ne7 10. Bb3 c6 11. bxc6 bxc6 12. Nc4 Bc7 13. Bg5 Ng6 14. Nh4 Nxh4 15. Bxh4 h6 16. Ne3 Bb6 17. Ba4 Ra6 18. Bxf6 Qxf6 19. Bxc6 Bxe3 20. fxe3 Qg5 21. Bd5 Qxe3+ 22. Kh1 Ra7 23. Rb1 Kh7 24. Rf3 Qc5 25. Qd2 Bg4 26. Rf2 Re8 27. c4 Be6 28. Rb5 Qd4 29. h3 a4 30. Kh2 a3 31. Qe2 Bxd5 32. Rxd5 Qb6 33. Rb5 Qc7 34. Rb3 Kg8 35. Qh5 Rb7 36. Rxa3 Qc5 37. Rb3 1/2-1/2

[Event "Guillermo Garcia Memorial op 24th"]
[Site "Santa Clara"]
[Date "2015.06.05"]
[Round "3"]
[White "Fernandez Rivero, Karla July"]
[Black "Yanes Canizares, Alejandro"]
[Result "1/2-1/2"]
[WhiteElo "2023"]
[BlackElo "2393"]
[PlyCount "109"]
[EventDate "2015.06.03"]
[EventType "swiss"]
[EventRounds "9"]
[EventCountry "CUB"]
[SourceTitle "CBM 167 Extra"]
[Source "ChessBase"]
[SourceDate "2015.09.14"]
[SourceVersion "1"]
[SourceVersionDate "2015.09.14"]
[SourceQuality "1"]

1. d4 f5 2. c4 Nf6 3. g3 e6 4. Bg2 c6 5. Nd2 d5 6. Ngf3 Bd6 7. b3 Nbd7 8. Bb2 0-0 9. 0-0 Qe7 10. Ne5 a5 11. Ndf3 Ne4 12. Nd3 b5 13. cxb5 cxb5 14. Nfe5 Bb7 15. f3 Nef6 16. Rc1 a4 17. Qd2 axb3 18. axb3 Ra2 19. Ra1 Rfa8 20. Rxa2 Rxa2 21. Ra1 Rxa1+ 22. Bxa1 Qd8 23. Bc3 Qa8 24. Nxd7 Nxd7 25. Qb2 Kf7 26. Qa1 Qxa1+ 27. Bxa1 b4 28. Kf2 Ba6 29. Ke3 g5 30. Bb2 h5 31. Bc1 Nb8 32. f4 Bxd3 33. Kxd3 g4 34. e3 h4 35. Bd2 h3 36. Bh1 Nc6 37. Be1 Ke7 38. Bd2 Kd7 39. Be1 Kc7 40. Bd2 Kb6 41. Be1 Na7 42. Bd2 Nb5 43. Be1 Ka5 44. Bd2 Be7 45. Be1 Nc3 46. Bd2 Kb5 47. Be1 Bf6 48. Bd2 Nd1 49. Be1 Be7 50. Ke2 Nb2 51. Kd2 Nc4+ 52. Kd3 Na5 53. Kc2 Bf6 54. Bd2 Nc4 55. Bc1 1/2-1/2

[Event "Capablanca Memorial op-A 48th"]
[Site "Havana"]
[Date "2013.04.28"]
[Round "7"]
[White "Yanes Canizares, Alejandro"]
[Black "Alvarez, Roberto Gabriel"]
[Result "1/2-1/2"]
[WhiteElo "2280"]
[BlackElo "2400"]
[PlyCount "119"]
[EventDate "2013.04.21"]
[EventType "swiss"]
[EventRounds "10"]
[EventCountry "CUB"]
[SourceTitle "CBM 154 Extra"]
[Source "ChessBase"]
[SourceDate "2013.06.25"]
[SourceVersion "2"]
[SourceVersionDate "2013.06.25"]
[SourceQuality "1"]

1. e4 e5 2. Nf3 Nc6 3. Bc4 Nf6 4. d3 Be7 5. c3 d6 6. 0-0 0-0 7. Re1 Na5 8. Bb5 a6 9. Ba4 b5 10. Bc2 c5 11. Nbd2 Qc7 12. Nf1 Be6 13. Ng3 Nc6 14. h3 d5 15. Ng5 d4 16. Nxe6 fxe6 17. Bb3 Qd7 18. Nf5 Kh8 19. Nxe7 Qxe7 20. a4 dxc3 21. bxc3 b4 22. Bb2 bxc3 23. Bxc3 Nd4 24. Bxd4 cxd4 25. a5 Ne8 26. Rc1 Qb4 27. Bxe6 Qxa5 28. Ra1 Qb6 29. Bd5 Ra7 30. Qb3 Qf6 31. Re2 Nd6 32. Qb6 Nb5 33. Qxf6 gxf6 34. Rea2 Nc7 35. Bc4 Rb8 36. g3 Rab7 37. Kg2 Rb1 38. Rxb1 Rxb1 39. f4 Rb6 40. Kf3 Kg7 41. Ra5 Nb5 42. Kg4 Kg6 43. Be6 Kg7 44. Bc8 exf4 45. gxf4 Nd6 46. Bxa6 f5+ 47. exf5 Kf6 48. Kf3 Rb1 49. Rd5 Nxf5 50. Rd7 h5 51. Rh7 Kg6 52. Rh8 Re1 53. Rg8+ Ng7 54. Bb7 Re3+ 55. Kg2 Kf6 56. Be4 Ne6 57. h4 Nxf4+ 58. Kf2 Nxd3+ 59. Bxd3 Rxd3 60. Rg5 1/2-1/2

[Event "Capablanca Memorial op-A 46th"]
[Site "Havana"]
[Date "2011.05.15"]
[Round "5"]
[White "Yanes Canizares, Alejandro"]
[Black "Borges Matos, Juan R"]
[Result "0-1"]
[WhiteElo "2330"]
[BlackElo "2451"]
[PlyCount "72"]
[EventDate "2011.05.11"]
[EventType "swiss"]
[EventRounds "10"]
[EventCountry "CUB"]
[SourceTitle "CBM 142 Extra"]
[Source "ChessBase"]
[SourceDate "2011.06.27"]
[SourceVersion "1"]
[SourceVersionDate "2011.06.27"]
[SourceQuality "1"]

1. e4 e6 2. d4 c5 3. Nf3 cxd4 4. Nxd4 Nc6 5. Nc3 Qc7 6. Nxc6 bxc6 7. Bd3 Nf6 8. 0-0 Be7 9. f4 d5 10. Be3 0-0 11. e5 Nd7 12. Bxh7+ Kxh7 13. Qh5+ Kg8 14. Rf3 f6 15. Rh3 fxe5 16. Qh7+ Kf7 17. Qh5+ Kg8 18. Qh7+ Kf7 19. Qh5+ g6 20. Qh7+ Ke8 21. Qxg6+ Kd8 22. Rh7 exf4 23. Bf2 Qd6 24. Rd1 e5 25. Qg7 Qf6 26. Qg4 Qf5 27. Qg7 Qf6 28. Qg4 Qg5 29. Qe6 f3 30. g3 Nb8 31. Rxd5+ cxd5 32. Qxd5+ Nd7 33. h4 Qc1+ 34. Nd1 Bb7 35. Qxb7 Qxd1+ 36. Kh2 Rc8 0-1

[Event "Capablanca Memorial op-A 46th"]
[Site "Havana"]
[Date "2011.05.11"]
[Round "1"]
[White "Forgas Moreno, Yaniela"]
[Black "Yanes Canizares, Alejandro"]
[Result "0-1"]
[WhiteElo "2093"]
[BlackElo "2330"]
[PlyCount "86"]
[EventDate "2011.05.11"]
[EventType "swiss"]
[EventRounds "10"]
[EventCountry "CUB"]
[SourceTitle "CBM 142 Extra"]
[Source "ChessBase"]
[SourceDate "2011.06.27"]
[SourceVersion "1"]
[SourceVersionDate "2011.06.27"]
[SourceQuality "1"]

1. e4 d6 2. d4 g6 3. Nc3 Bg7 4. f4 c6 5. Nf3 b5 6. Bd3 b4 7. Ne2 Nf6 8. 0-0 0-0 9. Ng3 Bg4 10. Kh1 Nbd7 11. Qe1 Qb6 12. Be3 Bxf3 13. gxf3 c5 14. dxc5 Nxc5 15. Bc4 Nfd7 16. Rb1 Rac8 17. c3 a5 18. Qe2 bxc3 19. bxc3 Qc7 20. Bd4 e5 21. fxe5 dxe5 22. Bxc5 Qxc5 23. Ba6 Rc7 24. c4 Qe7 25. Bb7 Nc5 26. Bd5 Ne6 27. Qd2 a4 28. Rb4 Nc5 29. Rfb1 h5 30. Rg1 Qf6 31. Qe3 Kh7 32. Rb5 Bh6 33. Qe2 Bf4 34. Rd1 Rd8 35. Qg2 Ne6 36. Rb6 Rxc4 37. Rg1 Rc1 38. Rxc1 Bxc1 39. Ne2 Be3 40. Rc6 Rb8 41. Nc3 Bd4 42. Bxe6 Bxc3 43. Qf1 Rb1 0-1

[Event "Havana"]
[Site "Havana"]
[Date "2009.07.06"]
[Round "15"]
[White "Yanes Canizares, Alejandro"]
[Black "Fernandez Hernandez, Arturo Augusto"]
[Result "1-0"]
[WhiteElo "2239"]
[BlackElo "2289"]
[PlyCount "113"]
[EventDate "2009.06.22"]
[EventType "tourn"]
[EventRounds "15"]
[EventCountry "CUB"]
[EventCategory "1"]
[SourceTitle "CBM 131 Extra"]
[Source "ChessBase"]
[SourceDate "2009.09.03"]
[SourceVersion "2"]
[SourceVersionDate "2009.09.16"]
[SourceQuality "1"]

1. e4 c5 2. Nf3 d6 3. d4 cxd4 4. Nxd4 Nf6 5. Nc3 a6 6. Bc4 e6 7. Bb3 Nbd7 8. f4 Nc5 9. 0-0 Qc7 10. f5 e5 11. Nf3 Nxb3 12. axb3 b5 13. Bg5 b4 14. Nd5 Nxd5 15. Qxd5 Bb7 16. Qd3 f6 17. Be3 d5 18. exd5 0-0-0 19. c4 bxc3 20. Rfc1 Rxd5 21. Qe2 Bb4 22. bxc3 Bc5 23. c4 Rd7 24. b4 Bxb4 25. c5 Qc6 26. Nd2 Bxd2 27. Bxd2 g6 28. Rab1 gxf5 29. Rb6 Qxg2+ 30. Qxg2 Bxg2 31. Ba5 Rg8 32. c6 Bh3+ 33. Kh1 Rdg7 34. Rxa6 Bg2+ 35. Kg1 Bxc6+ 36. Kf2 Rg2+ 37. Ke3 f4+ 38. Kd3 R8g7 39. Rcxc6+ Kb8 40. Rxf6 R2g6 41. Bc3 Re7 42. Ke4 Rg2 43. Bxe5+ Kc8 44. Rfc6+ Kd7 45. Rc7+ Ke8 46. Rxe7+ Kxe7 47. Ra7+ Kf8 48. Rxh7 Kg8 49. Rh8+ Kf7 50. Bxf4 Ra2 51. h4 Rc2 52. Kf5 Rf2 53. h5 Kg7 54. Ra8 Rf1 55. h6+ Kh7 56. Ra7+ Kh8 57. Kg6 1-0

[Event "Havana"]
[Site "Havana"]
[Date "2009.06.29"]
[Round "8"]
[White "Yanes Canizares, Alejandro"]
[Black "Ragolta Franco, Eduardo"]
[Result "1-0"]
[WhiteElo "2239"]
[BlackElo "2212"]
[PlyCount "55"]
[EventDate "2009.06.22"]
[EventType "tourn"]
[EventRounds "15"]
[EventCountry "CUB"]
[EventCategory "1"]
[SourceTitle "CBM 131 Extra"]
[Source "ChessBase"]
[SourceDate "2009.09.03"]
[SourceVersion "2"]
[SourceVersionDate "2009.09.16"]
[SourceQuality "1"]

1. e4 e6 2. d4 d5 3. exd5 exd5 4. Bd3 Nc6 5. c3 Bd6 6. Qf3 Nf6 7. h3 Ne4 8. Ne2 Qe7 9. 0-0 f5 10. Bf4 Be6 11. Bxd6 Qxd6 12. Qf4 Qe7 13. Bxe4 fxe4 14. Nd2 0-0-0 15. f3 g5 16. Qe3 g4 17. fxg4 Rdg8 18. Nf4 Nd8 19. c4 c6 20. Rae1 Re8 21. cxd5 cxd5 22. Nb3 b6 23. a4 Kb7 24. a5 Nf7 25. axb6 axb6 26. Rc1 Nd6 27. Nc5+ bxc5 28. Qb3+ 1-0

[Event "Havana"]
[Site "Havana"]
[Date "2009.06.28"]
[Round "7"]
[White "Gonzalez Vega, Alejandro"]
[Black "Yanes Canizares, Alejandro"]
[Result "1-0"]
[WhiteElo "2210"]
[BlackElo "2239"]
[PlyCount "93"]
[EventDate "2009.06.22"]
[EventType "tourn"]
[EventRounds "15"]
[EventCountry "CUB"]
[EventCategory "1"]
[SourceTitle "CBM 131 Extra"]
[Source "ChessBase"]
[SourceDate "2009.09.03"]
[SourceVersion "2"]
[SourceVersionDate "2009.09.16"]
[SourceQuality "1"]

1. d4 Nf6 2. c4 e6 3. Nc3 Bb4 4. e3 d5 5. cxd5 exd5 6. Bd3 0-0 7. Nge2 Re8 8. 0-0 Nbd7 9. Qc2 c6 10. f3 Nf8 11. Bd2 Ne6 12. Rad1 c5 13. a3 Bxc3 14. bxc3 c4 15. Bf5 Nf8 16. Ng3 Bxf5 17. Nxf5 Re6 18. Rb1 Rb8 19. Rfe1 Ng6 20. e4 Nh5 21. g3 Ne7 22. Ne3 Rg6 23. Ng2 dxe4 24. fxe4 b5 25. Qd1 Nf6 26. Nh4 Rb6 27. Nxg6 hxg6 28. Qf3 Qe8 29. d5 Ra6 30. Bc1 Qd7 31. Rf1 Kh7 32. Bb2 Rb6 33. Rbd1 a5 34. Rd4 Qd6 35. Kg2 g5 36. h3 Ng6 37. Qf5 b4 38. axb4 axb4 39. Rxc4 b3 40. Ra4 Ra6 41. Rfa1 Rxa4 42. Rxa4 Qc5 43. Rd4 Kh6 44. d6 Ne5 45. h4 Nh7 46. d7 Nxd7 47. Qxd7 1-0

[Event "Havana"]
[Site "Havana"]
[Date "2009.06.22"]
[Round "1"]
[White "Larrua Gonzalez, Fernando Oscar"]
[Black "Yanes Canizares, Alejandro"]
[Result "0-1"]
[WhiteElo "2255"]
[BlackElo "2239"]
[PlyCount "92"]
[EventDate "2009.06.22"]
[EventType "tourn"]
[EventRounds "15"]
[EventCountry "CUB"]
[EventCategory "1"]
[SourceTitle "CBM 131 Extra"]
[Source "ChessBase"]
[SourceDate "2009.09.03"]
[SourceVersion "2"]
[SourceVersionDate "2009.09.16"]
[SourceQuality "1"]

1. e4 c5 2. Nf3 Nc6 3. d4 cxd4 4. Nxd4 Qb6 5. Nb3 Nf6 6. Nc3 d6 7. Be3 Qc7 8. Be2 g6 9. 0-0 Bg7 10. f4 0-0 11. Bf3 Be6 12. Qd2 Bc4 13. Rfe1 e6 14. Nd4 Nxd4 15. Bxd4 e5 16. Be3 Rac8 17. Qf2 exf4 18. Bxf4 Nd7 19. Qxa7 Nc5 20. Na4 Nxa4 21. Qxa4 Bxb2 22. Rad1 Be5 23. Bxe5 dxe5 24. a3 b5 25. Qb4 Ra8 26. Re3 Ra4 27. Qd6 Qxd6 28. Rxd6 Rfa8 29. Be2 Rxa3 30. Rxa3 Rxa3 31. Bxc4 bxc4 32. Kf2 Rc3 33. Rd2 Kg7 34. Ke2 h5 35. Kd1 Re3 36. Re2 Rxe2 37. Kxe2 h4 38. Kd2 f5 39. exf5 gxf5 40. Kc3 f4 41. Kxc4 e4 42. Kd4 e3 43. Kd3 Kf6 44. Ke2 Ke5 45. Kf3 Kd4 46. g4 fxg3 0-1